[Event "Benidorm 2002 - sub2300"]
[Site "Benidorm ESP"]
[Date "2002.11.26"]
[Round "5.20"]
[White "Coll Enriquez, Lluis"]
[Black "Ortells Perez, Victor Manuel"]
[Result "0-1"]
[WhiteElo "2214"]
[BlackElo "2132"]
[PlyCount "94"]
[EventDate "2002.11.22"]
[EventType "swiss"]
[EventRounds "9"]
[EventCountry "ESP"]
[Source "lmi"]
[SourceDate "2002.11.24"]

1. e4 g6 2. Nc3 Bg7 3. g3 d6 4. Bg2 Nd7 5. d3 e5 6. Be3 Ne7 7. Qd2 h5 8. h3 c6
9. Nge2 b5 10. a3 a6 11. Rd1 O-O 12. Bh6 Kh7 13. Bxg7 Kxg7 14. O-O Nf6 15. f4
Neg8 16. Kh2 a5 17. d4 exf4 18. Qxf4 Ne8 19. b4 axb4 20. axb4 Qb6 21. d5 c5 22.
bxc5 Qxc5 23. e5 Bf5 24. Rd2 Ra3 25. g4 hxg4 26. hxg4 b4 27. gxf5 dxe5 28.
Qxe5+ Ngf6 29. Bh3 Rh8 30. fxg6 bxc3 31. Rd3 Rh5 32. Qg3 Rxd5 33. gxf7+ Kxf7
34. Be6+ Kxe6 35. Nf4+ Kd7 36. Nxd5 Nxd5 37. Qg4+ Kc6 38. Qc8+ Nec7 39. Rxd5
Qxd5 40. Rf6+ Kb5 41. Qb8+ Ka4 42. Rf4+ Ka5 43. Qb4+ Ka6 44. Qxa3+ Kb7 45. Qb4+
Nb5 46. Qe7+ Kc6 47. Qf6+ Qd6 0-1

[Event "Benidorm 2002 - sub2300"]
[Site "Benidorm ESP"]
[Date "2002.11.27"]
[Round "6.1"]
[White "Rodriguez Gonzalez, Javier"]
[Black "Fontana Sotomayor, Luis J."]
[Result "0-1"]
[WhiteElo "2142"]
[BlackElo "2268"]
[PlyCount "59"]
[EventDate "2002.11.22"]
[EventType "swiss"]
[EventRounds "9"]
[EventCountry "ESP"]
[Source "lmi"]
[SourceDate "2002.11.24"]

1. d4 Nf6 2. Bg5 Ne4 3. Bf4 c5 4. f3 Qa5+ 5. c3 Nf6 6. Nd2 cxd4 7. Nc4 Qd8 8.
Bxb8 Rxb8 9. Qxd4 b5 10. Nd2 Qc7 11. e4 e5 12. Qd3 Be7 13. Qc2 O-O 14. Bd3 d5
15. Ne2 dxe4 16. Bxe4 Nxe4 17. fxe4 Bg4 18. Nb3 Qb6 19. h3 Bh4+ 20. g3 Bf3 21.
Rf1 Bxe2 22. Qxe2 Bxg3+ 23. Kd1 a5 24. Rf3 Bf4 25. Kc2 b4 26. c4 a4 27. Nd2 b3+
28. Kb1 Rfd8 29. Nf1 Qd4 30. axb3 0-1

[Event "Benidorm 2002 - sub2300"]
[Site "Benidorm ESP"]
[Date "2002.11.27"]
[Round "6.2"]
[White "Contreras Rodriguez, Henry"]
[Black "Renteria Becerra, Jorge"]
[Result "1-0"]
[WhiteElo "2286"]
[BlackElo "2280"]
[PlyCount "85"]
[EventDate "2002.11.22"]
[EventType "swiss"]
[EventRounds "9"]
[EventCountry "ESP"]
[Source "lmi"]
[SourceDate "2002.11.24"]

1. e4 c5 2. Nf3 d6 3. d4 cxd4 4. Nxd4 Nf6 5. Nc3 g6 6. Be3 Bg7 7. Be2 O-O 8.
O-O Nc6 9. Nb3 Be6 10. f4 Rc8 11. Bf3 a6 12. Rf2 b5 13. Rd2 b4 14. Na4 Qc7 15.
c3 bxc3 16. Nxc3 Rfe8 17. Rc1 Qb8 18. Nd4 Na5 19. Nxe6 fxe6 20. b3 Nb7 21. Na4
Rxc1 22. Qxc1 Rc8 23. Rc2 Rxc2 24. Qxc2 Nd8 25. Qc4 Qb5 26. Qc8 Qd7 27. Qxa6
Kf7 28. Nb6 Qc7 29. Qc8 Ne8 30. Kf2 Bc3 31. Ke2 Ba5 32. Qxc7 Nxc7 33. Kd3 Ke8
34. Kc4 Bxb6 35. Bxb6 Kd7 36. b4 Kc6 37. Bf2 d5+ 38. Kb3 Nb7 39. e5 Nd8 40. a4
Nb7 41. Be2 Nd8 42. b5+ Kb7 43. a5 1-0

[Event "Benidorm 2002 - sub2300"]
[Site "Benidorm ESP"]
[Date "2002.11.27"]
[Round "6.3"]
[White "Rocabert Andreu, Guillermo"]
[Black "Taboas Rodriguez, Daniel"]
[Result "1/2-1/2"]
[WhiteElo "2234"]
[BlackElo "2298"]
[PlyCount "122"]
[EventDate "2002.11.22"]
[EventType "swiss"]
[EventRounds "9"]
[EventCountry "ESP"]
[Source "lmi"]
[SourceDate "2002.11.24"]

1. d4 Nf6 2. Nf3 d5 3. c4 e6 4. Nc3 Be7 5. g3 O-O 6. Bg2 dxc4 7. Ne5 Nc6 8.
Bxc6 bxc6 9. Nxc6 Qe8 10. Nxe7+ Qxe7 11. Qa4 e5 12. dxe5 Qxe5 13. Qxc4 Bh3 14.
Bf4 Qe7 15. O-O-O Rab8 16. Rd2 Rb7 17. Bg5 Bf5 18. Nd5 Qe4 19. Qxe4 Bxe4 20.
Ne7+ Kh8 21. f3 c6 22. Bxf6 gxf6 23. fxe4 Rxe7 24. Rf1 Kg7 25. Rf4 Rfe8 26. Rd4
Re5 27. Kd2 h5 28. Kd3 Ra5 29. a3 Rb8 30. Kc2 Rab5 31. b4 c5 32. bxc5 Rxc5+ 33.
Kd2 Rb2+ 34. Ke3 Ra2 35. Rd3 Ra5 36. Rf5 R2xa3 37. Rxa5 Rxa5 38. Kf4 Ra2 39.
Re3 Ra4 40. Kf5 Ra5+ 41. Kf4 Rb5 42. Rc3 Ra5 43. Rc8 Ra2 44. Ke3 Ra1 45. Rc5
Kg6 46. Rc6 Ra5 47. Rc8 f5 48. exf5+ Kxf5 49. h3 f6 50. Rh8 Ke6 51. Re8+ Kd6
52. Rf8 Ke7 53. Rh8 Rg5 54. Kf3 Rf5+ 55. Ke3 Re5+ 56. Kf3 a5 57. Ra8 Rf5+ 58.
Ke3 Kd7 59. g4 Re5+ 60. Kf4 Ke7 61. Ra7+ Ke6 1/2-1/2

[Event "Benidorm 2002 - sub2300"]
[Site "Benidorm ESP"]
[Date "2002.11.27"]
[Round "6.4"]
[White "Milla de Marco, Carlos"]
[Black "Buenafe Moya, Javier"]
[Result "0-1"]
[WhiteElo "2041"]
[BlackElo "2254"]
[PlyCount "50"]
[EventDate "2002.11.22"]
[EventType "swiss"]
[EventRounds "9"]
[EventCountry "ESP"]
[Source "lmi"]
[SourceDate "2002.11.24"]

1. e4 c5 2. Nc3 e6 3. g3 d5 4. exd5 exd5 5. Bg2 Nf6 6. d3 d4 7. Ne4 Nxe4 8.
dxe4 Nc6 9. Ne2 Bd6 10. O-O O-O 11. Bf4 Bg4 12. f3 Be6 13. Rf2 Be7 14. Kh1 c4
15. Bc1 g5 16. f4 Bc5 17. Rf1 Bg4 18. h3 Qd6 19. fxg5 d3 20. hxg4 dxe2 21. Qxe2
Nd4 22. Qxc4 Qxg3 23. Qd3 Ne2 24. Rf3 Qh4+ 25. Rh3 Qe1+ 0-1

[Event "Benidorm 2002 - sub2300"]
[Site "Benidorm ESP"]
[Date "2002.11.27"]
[Round "6.5"]
[White "Bolado Saez, Sergio"]
[Black "Fenollar Jorda, Manuel"]
[Result "1-0"]
[WhiteElo "2288"]
[BlackElo "2235"]
[PlyCount "83"]
[EventDate "2002.11.22"]
[EventType "swiss"]
[EventRounds "9"]
[EventCountry "ESP"]
[Source "lmi"]
[SourceDate "2002.11.24"]

1. d4 d5 2. c4 c6 3. cxd5 cxd5 4. Nc3 Nf6 5. Nf3 Nc6 6. e3 e6 7. Bd3 Be7 8. O-O
O-O 9. b3 b6 10. Bb2 Nb4 11. Bb1 Ba6 12. Re1 Rc8 13. Ne5 Nd7 14. a3 Nc6 15. f4
f5 16. b4 Ncxe5 17. dxe5 Bc4 18. Ne2 Nb8 19. Nd4 Qd7 20. g4 Bh4 21. gxf5 exf5
22. e6 Qe8 23. Nxf5 Bf6 24. Bxf6 Rxf6 25. Nd6 Qxe6 26. Nxc8 Qxc8 27. Qh5 Rh6
28. Qg5 Nd7 29. Bf5 Qe8 30. Kh1 Rc6 31. e4 Nf6 32. e5 Ne4 33. Rxe4 dxe4 34.
Bxe4 Qd7 35. Qg2 Rg6 36. Qf3 Rh6 37. Rd1 Qe7 38. Bd5+ Bxd5 39. Qxd5+ Kf8 40.
Qa8+ Kf7 41. Qc8 Qe6 42. Rd7+ 1-0

[Event "Benidorm 2002 - sub2300"]
[Site "Benidorm ESP"]
[Date "2002.11.27"]
[Round "6.6"]
[White "Ferron Garcia, Carlos"]
[Black "Anglada Lobarte, Jose Andres"]
[Result "1-0"]
[WhiteElo "2283"]
[BlackElo "2231"]
[PlyCount "67"]
[EventDate "2002.11.22"]
[EventType "swiss"]
[EventRounds "9"]
[EventCountry "ESP"]
[Source "lmi"]
[SourceDate "2002.11.24"]

1. e4 c6 2. d4 g6 3. Nc3 Bg7 4. Be3 d6 5. Nge2 b5 6. Qd2 Nd7 7. f3 Nb6 8. Ng3
Nc4 9. Bxc4 bxc4 10. O-O d5 11. Rae1 h5 12. h3 h4 13. Nh1 Qa5 14. Nf2 Rb8 15.
Rb1 Rh5 16. Ng4 dxe4 17. fxe4 Bxg4 18. hxg4 Rh7 19. Qe2 Qa6 20. Qf3 Bf8 21. e5
e6 22. Ne4 Be7 23. a3 Qa4 24. c3 Qc2 25. Nd6+ Kd7 26. Nxc4 Nh6 27. Na5 Rc8 28.
Rfc1 Qa4 29. b4 Qxa3 30. Ra1 Qb2 31. Bxh6 Rxh6 32. Qd1 Bg5 33. Rc2 Be3+ 34. Kh2
1-0

[Event "Benidorm 2002 - sub2300"]
[Site "Benidorm ESP"]
[Date "2002.11.27"]
[Round "6.7"]
[White "Carbonell Bofill, Carlos"]
[Black "Cantero Navarro, Antonio"]
[Result "1-0"]
[WhiteElo "2278"]
[BlackElo "2221"]
[PlyCount "95"]
[EventDate "2002.11.22"]
[EventType "swiss"]
[EventRounds "9"]
[EventCountry "ESP"]
[Source "lmi"]
[SourceDate "2002.11.24"]

1. Nf3 Nf6 2. d4 d5 3. Bg5 Ne4 4. Be3 Bf5 5. Nh4 e6 6. Nxf5 exf5 7. f3 Nd6 8.
Nd2 g5 9. c4 f4 10. Bf2 dxc4 11. Nxc4 Nxc4 12. Qa4+ c6 13. Qxc4 Qa5+ 14. Kd1
Nd7 15. h4 Nb6 16. Qb3 Bg7 17. Kc2 Qf5+ 18. e4 fxe3+ 19. Bd3 Qd5 20. Bxe3 h6
21. hxg5 hxg5 22. Rxh8+ Bxh8 23. Rh1 O-O-O 24. Qxd5 Nxd5 25. Bxg5 Rg8 26. Bf5+
Kc7 27. g4 Bxd4 28. Bd2 Kd6 29. Rh7 Ke7 30. b3 Be3 31. Be1 Bg5 32. Be4 Nf6 33.
Bb4+ Ke8 34. Rh2 Kd8 35. Re2 Re8 36. Kd3 Kc7 37. Be1 Bf4 38. a4 Nd7 39. b4 Ne5+
40. Kc3 Nd7 41. Bf2 b6 42. Bd4 c5 43. bxc5 bxc5 44. Bf2 Bd6 45. Bd3 Be5+ 46.
Kc4 Kd6 47. f4 Nb6+ 48. Kb5 1-0

[Event "Benidorm 2002 - sub2300"]
[Site "Benidorm ESP"]
[Date "2002.11.27"]
[Round "6.8"]
[White "Pascual Paredes, Javier"]
[Black "Kuzev, Jordan"]
[Result "1-0"]
[WhiteElo "2220"]
[BlackElo "2277"]
[PlyCount "123"]
[EventDate "2002.11.22"]
[EventType "swiss"]
[EventRounds "9"]
[EventCountry "ESP"]
[Source "lmi"]
[SourceDate "2002.11.24"]

1. e4 d5 2. exd5 Nf6 3. d4 Nxd5 4. Nf3 Bg4 5. Be2 e6 6. Ne5 Bxe2 7. Qxe2 c6 8.
O-O Be7 9. c4 Nb6 10. Rd1 O-O 11. Nc3 N8d7 12. Bf4 Nf6 13. Rd3 a5 14. Rad1 a4
15. Rh3 Re8 16. Ne4 Nbd7 17. Nxf7 Qb6 18. c5 Qa6 19. Nxf6+ Bxf6 20. Qh5 Nf8 21.
Nd6 Re7 22. Ne4 Rf7 23. Nd6 Re7 24. Be5 Bxe5 25. Qxe5 Rd8 26. f4 Nd7 27. Qe4
Nf6 28. Qd3 Qa5 29. Qd2 Qxd2 30. Rxd2 Nd5 31. Ra3 b5 32. g3 h6 33. Re2 g6 34.
Rf3 Rf8 35. Rf1 Kg7 36. Rfe1 Kf6 37. Ne4+ Kg7 38. Nd6 Kf6 39. h4 Ra8 40. Ne4+
Kf7 41. Nd6+ Kf6 42. Ne4+ Kf7 43. Nc3 Nf6 44. Ne4 Nd5 45. Kg2 Nc7 46. Nd6+ Kf6
47. h5 gxh5 48. Rh1 Rg8 49. Re5 Nd5 50. Kf3 h4 51. Rxh4 Rg6 52. g4 Kg7 53. f5
Rf6 54. Kg3 Rf8 55. fxe6 Kg6 56. Nf7 Kg7 57. Nxh6 a3 58. bxa3 Ra7 59. Nf5+ Kg8
60. Rh6 Rxa3+ 61. Kh4 Rxa2 62. Ne7+ 1-0

[Event "Benidorm 2002 - sub2300"]
[Site "Benidorm ESP"]
[Date "2002.11.27"]
[Round "6.9"]
[White "Gomez Anadon, Daniel"]
[Black "Ballesteros Gonzalez, David"]
[Result "1-0"]
[WhiteElo "2218"]
[BlackElo "2277"]
[PlyCount "65"]
[EventDate "2002.11.22"]
[EventType "swiss"]
[EventRounds "9"]
[EventCountry "ESP"]
[Source "lmi"]
[SourceDate "2002.11.24"]

1. e4 g6 2. d4 d6 3. Nc3 c6 4. Be3 Bg7 5. Qd2 b5 6. Bd3 Nd7 7. Nf3 a6 8. O-O
Qc7 9. Rfe1 b4 10. Ne2 c5 11. c3 c4 12. Bc2 bxc3 13. Nxc3 Bb7 14. Rac1 e6 15.
d5 e5 16. Na4 Ngf6 17. h3 O-O 18. Bd3 Nxe4 19. Bxe4 f5 20. Ng5 f4 21. Bb6 Nxb6
22. Ne6 c3 23. Rxc3 Nc4 24. Qc2 Qa5 25. b4 Qb5 26. Nxf8 Rc8 27. Ne6 Bh6 28. Nb2
Qxb4 29. Nxc4 Rxc4 30. Rxc4 Qxe1+ 31. Kh2 f3 32. Bxf3 Qa5 33. Qa4 1-0

[Event "Benidorm 2002 - sub2300"]
[Site "Benidorm ESP"]
[Date "2002.11.27"]
[Round "6.10"]
[White "Galvan Huaraca, Jesus"]
[Black "Buchenau, Frank"]
[Result "0-1"]
[WhiteElo "2204"]
[BlackElo "2276"]
[PlyCount "98"]
[EventDate "2002.11.22"]
[EventType "swiss"]
[EventRounds "9"]
[EventCountry "ESP"]
[Source "lmi"]
[SourceDate "2002.11.24"]

1. d4 e6 2. c4 Nf6 3. Nc3 Bb4 4. e3 c5 5. Nf3 Bxc3+ 6. bxc3 d6 7. Bd3 Nc6 8. e4
e5 9. d5 Ne7 10. Nh4 h6 11. f4 Ng6 12. Nxg6 fxg6 13. O-O O-O 14. Qe1 Qe7 15. h3
Bd7 16. Rb1 b6 17. Rb2 Nh5 18. f5 g5 19. Kh2 Rab8 20. Be3 Ba4 21. g3 Rb7 22.
Qe2 Qf7 23. h4 gxh4 24. gxh4 Be8 25. Qf3 Qf6 26. Qg4 Nf4 27. Bxf4 exf4 28. Rb3
g5 29. fxg6 Qxg6 30. Qxg6+ Bxg6 31. Rg1 Rg7 32. Rb2 f3 33. Rf2 Rf4 34. Kg3 Rff7
35. Kh2 Kf8 36. Rg4 Bh5 37. Rxg7 Rxg7 38. Be2 Rf7 39. Bd3 Ke7 40. Kg3 Rg7+ 41.
Kh3 Kf6 42. Kh2 Ke5 43. Rf1 Rg2+ 44. Kh1 Rg4 45. Kh2 Rxh4+ 46. Kg3 Rg4+ 47. Kh2
Kf4 48. e5 Rg2+ 49. Kh1 Ke3 0-1

[Event "Benidorm 2002 - sub2300"]
[Site "Benidorm ESP"]
[Date "2002.11.27"]
[Round "6.11"]
[White "Varga Nowak, Mariano"]
[Black "Martinez Tormo, Jorge"]
[Result "1/2-1/2"]
[WhiteElo "2275"]
[BlackElo "2194"]
[PlyCount "102"]
[EventDate "2002.11.22"]
[EventType "swiss"]
[EventRounds "9"]
[EventCountry "ESP"]
[Source "lmi"]
[SourceDate "2002.11.24"]

1. d4 Nf6 2. Nf3 d5 3. c4 e6 4. g3 b6 5. cxd5 exd5 6. Bg2 Bb7 7. O-O Bd6 8. Bg5
Nbd7 9. Qa4 O-O 10. b4 h6 11. Bf4 Qe7 12. Bxd6 Qxd6 13. Nbd2 Rfe8 14. e3 c6 15.
Nb3 Ne4 16. Rfc1 Qe6 17. Re1 g6 18. Nbd2 Nxd2 19. Nxd2 a5 20. b5 c5 21. Rac1 f5
22. Red1 Rac8 23. dxc5 Nxc5 24. Qd4 Ne4 25. Nxe4 fxe4 26. h4 Rf8 27. Rxc8 Rxc8
28. Kh2 Rf8 29. Rd2 Qf6 30. Qxf6 Rxf6 31. Bh3 Kf8 32. Rc2 Ke8 33. Kg1 Kd8 34.
Kf1 Rf7 35. Be6 Rc7 36. Rd2 Ke7 37. Bg4 Rc1+ 38. Ke2 Kd6 39. Rb2 Bc8 40. Kd2
Rc7 41. Bd1 Bd7 42. a4 Ke5 43. Rc2 Rxc2+ 44. Bxc2 d4 45. exd4+ Kxd4 46. Bb3 g5
47. hxg5 hxg5 48. Bf7 Bh3 49. Bg8 Bf1 50. Bb3 Bc4 51. Bc2 Be6 1/2-1/2

[Event "Benidorm 2002 - sub2300"]
[Site "Benidorm ESP"]
[Date "2002.11.27"]
[Round "6.12"]
[White "Ortells Perez, Victor Manuel"]
[Black "Lacrosse, Marc"]
[Result "0-1"]
[WhiteElo "2132"]
[BlackElo "2256"]
[PlyCount "120"]
[EventDate "2002.11.22"]
[EventType "swiss"]
[EventRounds "9"]
[EventCountry "ESP"]
[Source "lmi"]
[SourceDate "2002.11.24"]

1. g3 d5 2. Bg2 Nf6 3. Nf3 c6 4. d3 Bg4 5. Nbd2 Nbd7 6. O-O e5 7. e4 dxe4 8.
dxe4 Bc5 9. h3 Bh5 10. Qe2 O-O 11. a4 a5 12. Re1 Re8 13. Nb3 Bf8 14. Qf1 Nc5
15. Nxc5 Bxc5 16. Be3 Qb6 17. Bxc5 Qxc5 18. Re2 Rad8 19. g4 Bg6 20. Ne1 Nd7 21.
Nd3 Qb6 22. Qc1 Nf8 23. Qe3 Qxe3 24. Rxe3 Ne6 25. Ra3 Nd4 26. Rc3 f6 27. Bf1
Bf7 28. Kg2 g5 29. Re1 b6 30. b4 axb4 31. Nxb4 Rd6 32. Rb1 Ra8 33. Na6 c5 34.
Rb2 c4 35. Nb4 b5 36. axb5 Nxb5 37. Rxc4 Rd1 38. Nd5 Nd4 39. Nxf6+ Kg7 40. Nd5
Raa1 41. Rxd4 exd4 42. Bd3 Rdb1 43. Rb4 Bxd5 44. Rxb1 Bxe4+ 45. Bxe4 Rxb1 46.
Bf5 h6 47. c3 Rd1 48. cxd4 Rxd4 49. Kg3 Kf6 50. h4 Ke5 51. hxg5 hxg5 52. Bc8
Rd3+ 53. f3 Kd4 54. Bf5 Ra3 55. Be4 Ke3 56. Bb7 Ra1 57. Bc6 Rg1+ 58. Kh2 Kf2
59. Be4 Rd1 60. Bb7 Rd8 0-1

[Event "Benidorm 2002 - sub2300"]
[Site "Benidorm ESP"]
[Date "2002.11.27"]
[Round "6.13"]
[White "Serrano Marhuenda, Salvador"]
[Black "Bosque Ortega, Javier"]
[Result "0-1"]
[WhiteElo "2196"]
[BlackElo "2249"]
[PlyCount "102"]
[EventDate "2002.11.22"]
[EventType "swiss"]
[EventRounds "9"]
[EventCountry "ESP"]
[Source "lmi"]
[SourceDate "2002.11.24"]

1. e4 c6 2. d4 d5 3. Nc3 g6 4. Nf3 Bg7 5. h3 Nf6 6. e5 Ne4 7. Bd3 Nxc3 8. bxc3
c5 9. O-O Nc6 10. Re1 O-O 11. a4 Qa5 12. Bd2 c4 13. Bf1 Nd8 14. Qb1 Re8 15. Qb4
Nc6 16. Qb2 b6 17. Reb1 Bd7 18. Qc1 Qa6 19. Bh6 Reb8 20. Qf4 Qc8 21. Bxg7 Kxg7
22. Re1 Qe8 23. h4 Nd8 24. h5 Ne6 25. Qh4 h6 26. Bxc4 g5 27. Qg3 dxc4 28. d5
Nf4 29. Nxg5 Nxh5 30. Qh4 f6 31. exf6+ Nxf6 32. Re5 hxg5 33. Qxg5+ Kf7 34. Rae1
Qh8 35. Rxe7+ Kf8 36. Qg6 Be8 37. Qf5 Bf7 38. Rxf7+ Kxf7 39. Qe6+ Kf8 40. Qe7+
Kg8 41. Re3 Qg7 42. Rg3 Qxg3 43. fxg3 Rf8 44. Qe6+ Kg7 45. Qf5 Rad8 46. g4 Rxd5
47. Qf4 Nd7 48. Qxc4 Rd1+ 49. Kh2 Rf7 50. Qe2 Rd5 51. Qc4 Rg5 0-1

[Event "Benidorm 2002 - sub2300"]
[Site "Benidorm ESP"]
[Date "2002.11.27"]
[Round "6.14"]
[White "Rodrigues, Afonso"]
[Black "Garcia Amoros, Pablo"]
[Result "1-0"]
[WhiteElo "2218"]
[BlackElo "2162"]
[PlyCount "85"]
[EventDate "2002.11.22"]
[EventType "swiss"]
[EventRounds "9"]
[EventCountry "ESP"]
[Source "lmi"]
[SourceDate "2002.11.24"]

1. e4 c5 2. Nc3 Nc6 3. g3 g6 4. Bg2 Bg7 5. d3 d6 6. Be3 Rb8 7. Qd2 b5 8. Nge2
b4 9. Nd1 Nd4 10. O-O e6 11. Nc1 Qa5 12. c3 bxc3 13. bxc3 Nc6 14. f4 Nge7 15.
f5 exf5 16. Bh6 Be5 17. exf5 Bxf5 18. Ne2 Be6 19. Nf4 Nd4 20. Nxe6 Nxe6 21. Qf2
Nf5 22. Bd2 O-O 23. g4 Ne7 24. Bh6 Bg7 25. Bxg7 Nxg7 26. Qf6 Qd8 27. Ne3 d5 28.
Rae1 Rb6 29. Qg5 Ne6 30. Qh6 d4 31. Nc4 Ra6 32. Rf3 dxc3 33. Rh3 Qd4+ 34. Kh1
Qg7 35. Qh4 Nc6 36. Ne3 Ncd4 37. Nd5 f5 38. g5 h5 39. Nf6+ Kf7 40. Bd5 c2 41.
Qg3 Rd8 42. Qc7+ Kf8 43. Qxd8+ 1-0

[Event "Benidorm 2002 - sub2300"]
[Site "Benidorm ESP"]
[Date "2002.11.27"]
[Round "6.15"]
[White "Estrada Martinez, Cesar"]
[Black "Cardenas Valero, Ramon"]
[Result "0-1"]
[WhiteElo "2181"]
[BlackElo "2300"]
[PlyCount "94"]
[EventDate "2002.11.22"]
[EventType "swiss"]
[EventRounds "9"]
[EventCountry "ESP"]
[Source "lmi"]
[SourceDate "2002.11.24"]

1. Nf3 Nf6 2. d4 d5 3. c4 e6 4. Nc3 Be7 5. Bg5 O-O 6. e3 h6 7. Bh4 b6 8. cxd5
exd5 9. Bd3 Bb7 10. O-O Nbd7 11. Qe2 a6 12. Rfd1 Ne4 13. Bxe7 Qxe7 14. Rac1
Rfe8 15. a3 Kh8 16. Bb1 Qd6 17. Nxe4 dxe4 18. Nd2 Bd5 19. Rc2 c6 20. Nc4 Qe6
21. b4 a5 22. bxa5 b5 23. Nb6 Nxb6 24. axb6 Rxa3 25. Rdc1 Rb8 26. Qd2 Rxb6 27.
Qb4 Ra8 28. Rc3 Rb7 29. Bc2 Qe7 30. Qxe7 Rxe7 31. Bb3 b4 32. Bxd5 bxc3 33. Bxc6
Ra3 34. g4 g6 35. Kg2 Kg7 36. Kg3 f5 37. d5 Rc7 38. Kf4 Kf6 39. gxf5 gxf5 40.
f3 exf3 41. Kxf3 Ke5 42. h4 Rg7 43. Ke2 Rg2+ 44. Kd3 c2+ 45. Kc4 Rxe3 46. d6
Rg4+ 47. Kb5 Rb3+ 0-1

[Event "Benidorm 2002 - sub2300"]
[Site "Benidorm ESP"]
[Date "2002.11.27"]
[Round "6.16"]
[White "Salcedo Tornero, Pablo"]
[Black "Mate Adan, Carlos"]
[Result "0-1"]
[WhiteElo "2179"]
[BlackElo "2296"]
[PlyCount "130"]
[EventDate "2002.11.22"]
[EventType "swiss"]
[EventRounds "9"]
[EventCountry "ESP"]
[Source "lmi"]
[SourceDate "2002.11.24"]

1. e4 d5 2. Nc3 dxe4 3. Nxe4 Nf6 4. Ng3 c5 5. Bc4 e6 6. Nf3 Nc6 7. d3 Be7 8.
O-O O-O 9. Re1 Na5 10. Bb3 Nxb3 11. axb3 b6 12. Nd2 Bb7 13. Qe2 Qd5 14. Nde4 a5
15. Bd2 Rae8 16. Bc3 Nxe4 17. Qxe4 Bd6 18. f3 f6 19. Qg4 g6 20. Qh4 e5 21. Re2
Bc7 22. Ne4 Qf7 23. Rae1 g5 24. Qf2 Qh5 25. h3 Re7 26. Ng3 Qg6 27. Nf1 Rd7 28.
Qe3 h5 29. Nh2 Qf5 30. Rf1 Kh7 31. Rfe1 Rg8 32. Rf2 Rdg7 33. Nf1 Qd7 34. g4
hxg4 35. hxg4 Kg6 36. Ng3 Rh7 37. Rg2 Rgh8 38. Kf2 Rh3 39. Reg1 Qd8 40. Bd2
R8h4 41. Ne4 Qd4 42. Bc3 Qd5 43. Ke2 Bc8 44. Nf2 Rh2 45. Qe4+ Qxe4+ 46. dxe4
Ba6+ 47. Nd3 Rh8 48. Bd2 R2h3 49. Be3 Rd8 50. c4 Rh7 51. Rd1 Rhd7 52. Rd2 a4
53. Nf2 axb3 54. Rxd7 Rxd7 55. Nh1 Bxc4+ 56. Ke1 Rd3 57. Kf2 Rd1 58. Rh2 Rb1
59. Kg3 Bd6 60. Kh3 Bf1+ 61. Kg3 Re1 62. Rd2 Rxe3 63. Rxd6 Re2 64. Nf2 b5 65.
Rd5 Rc2 0-1

[Event "Benidorm 2002 - sub2300"]
[Site "Benidorm ESP"]
[Date "2002.11.27"]
[Round "6.17"]
[White "Baños, Oscar"]
[Black "Chaverra, Bismarck"]
[Result "1-0"]
[WhiteElo "2284"]
[BlackElo "2178"]
[PlyCount "43"]
[EventDate "2002.11.22"]
[EventType "swiss"]
[EventRounds "9"]
[EventCountry "ESP"]
[Source "lmi"]
[SourceDate "2002.11.24"]

1. e4 c6 2. d3 g6 3. g3 Bg7 4. Bg2 d5 5. Nd2 e5 6. Ngf3 Nh6 7. O-O O-O 8. Re1
d4 9. Nc4 f6 10. a4 Be6 11. Bd2 Nf7 12. c3 c5 13. b4 b6 14. a5 b5 15. Nb2 Na6
16. bxc5 Nxc5 17. cxd4 exd4 18. Bb4 Nb3 19. Ra3 Re8 20. Rxb3 Bxb3 21. Qxb3 Kh8
22. Qxf7 1-0

[Event "Benidorm 2002 - sub2300"]
[Site "Benidorm ESP"]
[Date "2002.11.27"]
[Round "6.18"]
[White "Burriel Rosello, Carlos"]
[Black "Madina, Martin"]
[Result "0-1"]
[WhiteElo "2176"]
[BlackElo "2240"]
[PlyCount "102"]
[EventDate "2002.11.22"]
[EventType "swiss"]
[EventRounds "9"]
[EventCountry "ESP"]
[Source "lmi"]
[SourceDate "2002.11.24"]

1. e4 c5 2. d4 cxd4 3. Nf3 d6 4. Nxd4 Nf6 5. Nc3 a6 6. f3 e6 7. Be3 Nbd7 8. Qd2
b5 9. g4 h6 10. O-O-O Bb7 11. Bd3 b4 12. Nce2 d5 13. exd5 Nxd5 14. Rhe1 Bc5 15.
Bf2 Qb6 16. Bc4 O-O-O 17. Bg1 Ne5 18. Bxd5 Bxd5 19. Qf4 f6 20. Nb3 Bxg1 21.
Nxg1 Kb7 22. Qe3 Rc8 23. Qxb6+ Kxb6 24. Nd4 g5 25. Re3 h5 26. h3 a5 27. b3 a4
28. Kb2 Rhd8 29. Rd2 a3+ 30. Kc1 Rh8 31. gxh5 Rxh5 32. c4 bxc3 33. Rc2 Rh4 34.
Nde2 Nc6 35. Rexc3 Ra8 36. Rd2 Rb4 37. Kc2 Ra7 38. Rd1 Rd7 39. Rcd3 Rb5 40. Kb1
Nb4 41. Rd4 Rc7 42. Nc1 Rc3 43. h4 Nc6 44. Ra4 gxh4 45. Rxh4 Rb4 46. Rxb4+ Nxb4
47. Rd4 Kc5 48. Rf4 Rxc1+ 49. Kxc1 Nd3+ 50. Kd2 Nxf4 51. Ke3 e5 0-1

[Event "Benidorm 2002 - sub2300"]
[Site "Benidorm ESP"]
[Date "2002.11.27"]
[Round "6.19"]
[White "Ramirez Gonzalez, Joan Albert"]
[Black "Gonzalez Aguirre, Luis"]
[Result "1/2-1/2"]
[WhiteElo "2173"]
[BlackElo "2232"]
[PlyCount "130"]
[EventDate "2002.11.22"]
[EventType "swiss"]
[EventRounds "9"]
[EventCountry "ESP"]
[Source "lmi"]
[SourceDate "2002.11.24"]

1. e4 c6 2. d4 d5 3. exd5 cxd5 4. Bd3 Nc6 5. c3 Nf6 6. Bf4 Bg4 7. Ne2 e6 8. Bg3
Bd6 9. Qb3 Rb8 10. Nd2 O-O 11. O-O Qc7 12. Rfe1 Bh5 13. Rac1 Rfc8 14. Bxd6 Qxd6
15. Ng3 Bg6 16. Bxg6 hxg6 17. Nf3 b5 18. Ne5 Na5 19. Qb4 Qxb4 20. cxb4 Nc4 21.
Nd3 Nd7 22. b3 Ncb6 23. Nc5 Nxc5 24. bxc5 Nd7 25. Ne2 b4 26. Nf4 Rb5 27. Nd3
Nb8 28. Ne5 Nc6 29. Nf3 Kf8 30. Kf1 Ke7 31. Ke2 a5 32. Kd3 Ra8 33. Re2 Ra6 34.
Rb1 a4 35. Nd2 Rba5 36. Nf1 Kd7 37. Ne3 axb3 38. axb3 Ra8 39. f4 Ra2 40. Nc2
R2a5 41. Ree1 f6 42. Ra1 Rxa1 43. Rxa1 Rxa1 44. Nxa1 e5 45. fxe5 fxe5 46. dxe5
Ke6 47. Nc2 Kxe5 48. Ne1 d4 49. Kc4 Ke4 50. Nd3 g5 51. Nxb4 Na5+ 52. Kb5 Nxb3
53. c6 d3 54. Nxd3 Nd4+ 55. Kc5 Kxd3 56. c7 Ne6+ 57. Kd6 Nxc7 58. Ke5 Ke3 59.
Kf5 Kf2 60. Kxg5 Kxg2 61. h4 Kh3 62. h5 Ne6+ 63. Kg6 Kh4 64. h6 Nf4+ 65. Kxg7
Ne6+ 1/2-1/2

[Event "Benidorm 2002 - sub2300"]
[Site "Benidorm ESP"]
[Date "2002.11.27"]
[Round "6.20"]
[White "Serra Olives, Tomas"]
[Black "Gasulla Asensi, Ignacio"]
[Result "1/2-1/2"]
[WhiteElo "2213"]
[BlackElo "2165"]
[PlyCount "110"]
[EventDate "2002.11.22"]
[EventType "swiss"]
[EventRounds "9"]
[EventCountry "ESP"]
[Source "lmi"]
[SourceDate "2002.11.24"]

1. e4 c5 2. Nf3 d6 3. d4 cxd4 4. Nxd4 Nf6 5. Nc3 e6 6. g4 h6 7. h4 Be7 8. Rg1
Nfd7 9. g5 hxg5 10. hxg5 g6 11. Be3 a6 12. Qd2 b5 13. O-O-O Bb7 14. a3 Nc6 15.
f4 Na5 16. Qf2 Qc7 17. f5 Nc5 18. fxg6 fxg6 19. Kb1 Rf8 20. Qd2 e5 21. Ndxb5
axb5 22. Nxb5 Qb6 23. Qb4 Ra6 24. Nxd6+ Bxd6 25. Bxa6 Qxb4 26. axb4 Nxa6 27.
Rxd6 Nc4 28. Rd3 Rf3 29. b5 Nb4 30. Rb3 Nxc2 31. Kxc2 Nxe3+ 32. Kc1 Rf1+ 33.
Rxf1 Nxf1 34. Rf3 Nh2 35. Rf6 Bxe4 36. Re6+ Kd7 37. Rxe5 Bf5 38. Rc5 Ng4 39. b6
Be4 40. Rc4 Nf2 41. Rc7+ Kd8 42. Kd2 Bg2 43. Rg7 Kc8 44. Ke3 Nd1+ 45. Kf4 Nxb2
46. Rc7+ Kb8 47. Ke5 Na4 48. Rc2 Bh3 49. Rc6 Bf5 50. Rd6 Bc2 51. Rd2 Bb1 52.
Kf6 Nc5 53. Kg7 Ne6+ 54. Kh6 Bf5 55. Re2 Kb7 1/2-1/2